Statistics for Among us quiz

Click here to take the quiz!

General Stats

  • This quiz has been taken 10 times
  • The average score is 6 of 15

Answer Stats

HintAnswer% Correct
Knows as a sus colorRed
100%
Amount of Maps4
60%
Amount of Colors18
50%
Planet MapPolus
50%
Sky MapAirship
40%
Venting CrewmateEngineer
40%
Creator of Among USInnersloth
40%
Sky MapMira HQ
40%
Room that all maps have exept Polus and AirshipReactor
40%
Vital crewmateScientist
40%
Morphing impostorShapeshifter
40%
Space MapSkeld
40%
Room that all maps have exept MiRA HQSecurity
30%
List that you can invite peopleFriend List
10%
Dead crewmate roleGuardian Anged
0%

Score Distribution

Percentile by Number Answered

Percent of People with Each Score

Your Score History

You have not taken this quiz